Xã hội hoá công tác văn hoá thông tin ở tỉnh Hà Nam /

Sparad:
Bibliografiska uppgifter
Huvudupphovsman: Phạm Văn Tùng.
Materialtyp: Artikel
Språk:Vietnamese
Ämnen:
Taggar: Lägg till en tagg
Inga taggar, Lägg till första taggen!
Thư viện lưu trữ: Thư viện Trường Đại học Đà Lạt
LEADER 00760nam a2200265 4500
001 DLU090079975
005 ##20090619
040 # # |a DLU  |b vie 
041 # # |a vie 
044 # # |a vn 
100 # # |a Phạm Văn Tùng. 
245 # # |a Xã hội hoá công tác văn hoá thông tin ở tỉnh Hà Nam /  |c Phạm Văn Tùng. 
653 # # |a Hà Nam 
653 # # |a Văn hoá thông tin 
653 # # |a Xã hội hoá 
773 # # |t Văn hoá Nghệ thuật  |g Số 6(168), 1998, tr. 21-22 
920 # # |a Phòng Tạp chí -- Trung tâm Thông tin - Thư viện Trường Đại học Đà Lạt 
994 # # |a DLU 
900 # # |a True 
911 # # |a Đào Thị Thu Huyền 
925 # # |a G 
926 # # |a A 
927 # # |a BB 
980 # # |a Thư viện Trường Đại học Đà Lạt